Complete the Movie Title (2001) - Statistics

General Stats
  • This quiz has been taken 386 times
  • The average score is 17 of 25
Answer Stats
Hint Answer % Correct
Lara Croft: Tomb _____ Raider
95%
Harry Potter and the Sorcerer's _____ Stone
93%
The _____ Planner Wedding
93%
The Princess _____ Diaries
90%
The _____’s New Groove Emperor
90%
Dude, Where's My _____? Car
88%
_____ Kids Spy
86%
American _____ 2 Pie
85%
Not Another _____ Movie Teen
83%
Crouching Tiger, Hidden _____ Dragon
81%
Vanilla _____ Sky
79%
America’s _____ Sweethearts
78%
Save the Last _____ Dance
76%
A _____’s Tale Knight
69%
Riding in Cars with _____ Boys
66%
Exit _____ Wounds
61%
Max Keeble’s Big _____ Move
48%
_____ of Mars Ghosts
47%
All the Pretty _____ Horses
47%
Final Fantasy: The _____ Within Spirits
44%
Thirteen _____ Days
43%
The _____ of Panama Tailor
43%
_____ of the Dragon Kiss
33%
_____ in Atlantis Hearts
24%
The Last _____ Castle
17%
No matching quizzes found
Score Distribution
Percent of People with Each Score
Percentile by Number Answered
Your Score History
You have not taken this quiz